The history of malay editorial cartoons(1930s-1993)

Bibliographic Details
Main Author: Muliyadi Mahamood
Format: Book
Published: Kuala Lumpur : Utusan Publications&Distributors , 2004
Subjects:

MARC

LEADER 00000cam a2200000 7i4500
001 0000014589
005 20080304.0
008 080304
020 |a 9676115231 
090 0 0 |a 741.59595   |b MUL 
100 0 |a Muliyadi Mahamood 
245 1 4 |a The history of malay editorial cartoons(1930s-1993)   |c Muliyadi Mahamood 
260 |a Kuala Lumpur :   |b Utusan Publications&Distributors ,   |c 2004 
650 0 |a Editorial cartoons   |z Malaysia   |x History 
650 0 |a Malay   |x Caricatures and cartoons   |x history 
999 |a 0000910683   |b Book   |c Adult Collection   |e Cawangan Bandar Tenggara 
999 |a 0001014217   |b Book   |c Adult Collection   |e Cawangan Urban Transformation Centre 
999 |a 0001014218   |b Book   |c Adult Collection   |e Perbadanan Perpustakaan Awam Johor